书目信息 |
| 书名: | The crash of 2008 and what it means | |
| 作者: | George Soros | |
| 分册号: | ||
| 分册名: | 出版地: | New York |
|
| 出版社: | Publicaffairs | |
| 出版时间: | 2008 | |
| 页数: | 258P | |
| 开本: | 20cm | |
| 丛书名: | ||
| 中图分类号: | ||
| 科图分类号: | ||
| 其他分类号: | F837.12 | |
| 主题词: | ||
| 电子资源: | ||
| 000 | 00429nam0 2200157 450 | |
| 001 | 202012197457 | |
| 005 | 20121108091838.0 | |
| 008 | 20010101s | |
| 020 | @a978-1-5864-8699-0@c$14.95 | |
| 099 | @dF837.12@eG349 | |
| 245 | 10 | @aThe crash of 2008 and what it means@cGeorge Soros |
| 260 | 0 | @aNew York@bPublicaffairs@c2008 |
| 300 | @a258P@c20cm | |
| 905 | @b0010001 | |
| 905 | @b0010143 | |
| 905 | @aTSG@dF837.12@eG349 | |
| The crash of 2008 and what it means / George Soros.-New York : Publicaffairs , 2008 |
| 258P ; 20cm |
| ISBN 978-1-5864-8699-0$14.95 |
| ● |
| 相关链接 |
|
|
|
正题名:The crash of 2008 and what it means
索取号:F837.12/G349
 
预约/预借
| 序号 | 登录号 | 条形码 | 馆藏地/架位号 | 状态 | 备注 |
| 1 | 10001 | 300100012 | 社科库409/409社科库 119排1列1层/ [索取号:F837.12/G349] | 在馆 | |
| 2 | 10143 | 300101431 | 社科库409/409社科库 119排1列1层/ [索取号:F837.12/G349] | 在馆 |